ბათუმის შოთა რუსთაველის სახელმწიფო უნივერსიტეტის ბიბლიოთეკა

Взаимодействие и взаимообогащение. (ბიბ.ჩანაწერი № 35012)

000 -LEADER
fixed length control field 00769nam a2200229Ia 4500
001 - CONTROL NUMBER
control field 851
003 - CONTROL NUMBER IDENTIFIER
control field GE_BSU
008 - FIXED-LENGTH DATA ELEMENTS--GENERAL INFORMATION
fixed length control field 181216s||||||||xx |||||||||||||| ||und||
020 ## - INTERNATIONAL STANDARD BOOK NUMBER
International Standard Book Number 5020279757
040 ## - CATALOGING SOURCE
Transcribing agency GE_BSU
080 ## - UNIVERSAL DECIMAL CLASSIFICATION NUMBER
Universal Decimal Classification number 821.161.1.09
245 ## - TITLE STATEMENT
Title Взаимодействие и взаимообогащение.
245 ## - TITLE STATEMENT
Remainder of title Русская литература и литературы народов СССР.Статьи.Материалы
260 ## - PUBLICATION, DISTRIBUTION, ETC.
Place of publication, distribution, etc. Ленинград
260 ## - PUBLICATION, DISTRIBUTION, ETC.
Name of publisher, distributor, etc. Наука
260 ## - PUBLICATION, DISTRIBUTION, ETC.
Date of publication, distribution, etc. 1988
300 ## - PHYSICAL DESCRIPTION
Extent 252стр.
653 ## - INDEX TERM--UNCONTROLLED
Uncontrolled term Взаимодействие и взаимообогащение.
653 ## - INDEX TERM--UNCONTROLLED
Uncontrolled term Русская литература и литературы народов СССР.
942 ## - ADDED ENTRY ELEMENTS (KOHA)
Koha item type წიგნი
ეგზემპლარები
Withdrawn status Lost status Damaged status Not for loan Date acquired Barcode Date last seen Price effective from Koha item type
        2018-12-17 1711 2018-12-17 2018-12-17 წიგნი